| 000 | 00000nam##2200000za#4500 |
| 001 | 9.574815 |
| 003 | CaOODSP |
| 005 | 20210624184351 |
| 007 | cr ||||||||||| |
| 008 | 150406|2009||||xxc|||||o f|0| 0 eng|d |
| 040 | |aCaOODSP|beng |
| 043 | |an-cn--- |
| 086 | 1 |aT41-1/71E-PDF |
| 110 | 1 |aCanada. |bTransport Canada. |
| 245 | 10|aHybrid buses |h[electronic resource] |
| 260 | |aOttawa - Ontario : |bTransport Canada |cMarch 2009. |
| 300 | |a10p.|bgraphs, references, table, photographs |
| 490 | 1 |aCase studies in sustainable transportation |vCase study 71 |
| 500 | |aAt head of title: Urban Transportation Showcase Program. |
| 590 | |a12-36-Supp|b2012-08-22 |
| 775 | 08|tAutobus hybrides |w(CaOODSP)9.604540 |
| 830 | #0|aCase studies in sustainable transportation ;|vCase study 71|w(CaOODSP)9.506851 |
| 856 | 40|ahttp://publications.gc.ca|qPDF|s204 KB|uhttps://publications.gc.ca/collections/collection_2012/tc/T41-1-71-eng.pdf|yCase study 71 |
| 986 | |aTP: 14714E |